000
00209 a2200097 4500
001
48134
100
_a
Botsford, G.W
245
_a
Hellenic history
260
_a
New York
_b
Macmillan
_c
090
_c
31104
_d
31104
942
_a
NUST-CAE
_c
M
_c
23453
999
_c
283207
_d
283207